Особенности развития нефинансовой отчетности в России; Экономика России в XXI веке; Т. 2
| Parent link: | Экономика России в XXI веке: сборник научных трудов XI Международной научно-практической конференции "Экономические науки и прикладные исследования: фундаментальные проблемы модернизации экономики России", посвященной 110-летию экономического образования в Томском политехническом университете, г. Томск, 18-22 ноября 2014 г./ Национальный исследовательский Томский политехнический университет (ТПУ) ; ред. кол. Г. А. Барышева [и др.].— , 2014 Т. 2.— 2014.— [С. 26-29] |
|---|---|
| প্রধান লেখক: | |
| সংস্থা লেখক: | |
| অন্যান্য লেখক: | |
| সংক্ষিপ্ত: | Заглавие с титульного экрана Рассмотрены стадии развития нефинансовой отчетности, определены стандарты отчетности. Выделены обстоятельства, стимулирующие развитие нефинансовой отчетности в России. Определена роль институтов независимой оценки для нефинансовой отчетности. Раскрыты особенности отчетности в России. |
| ভাষা: | রুশ |
| প্রকাশিত: |
2014
|
| মালা: | Современные тенденции развития бухгалтерского, управленческого и финансового учета в России |
| বিষয়গুলি: | |
| অনলাইন ব্যবহার করুন: | http://www.lib.tpu.ru/fulltext/c/2014/C40/V2/006.pdf |
| বিন্যাস: | MixedMaterials বৈদ্যুতিক গ্রন্থের অধ্যায় |
| KOHA link: | https://koha.lib.tpu.ru/cgi-bin/koha/opac-detail.pl?biblionumber=610314 |
MARC
| LEADER | 00000naa2a2200000 4500 | ||
|---|---|---|---|
| 001 | 610314 | ||
| 005 | 20260402142925.0 | ||
| 035 | |a (RuTPU)RU\TPU\conf\7920 | ||
| 035 | |a RU\TPU\conf\7918 | ||
| 090 | |a 610314 | ||
| 100 | |a 20150119d2014 k y0rusy50 ca | ||
| 101 | 0 | |a rus | |
| 102 | |a RU | ||
| 135 | |a drgn ---uucaa | ||
| 181 | 0 | |a i | |
| 182 | 0 | |a b | |
| 200 | 1 | |a Особенности развития нефинансовой отчетности в России |f В. Е. Богданова |g науч. рук. В. И. Лившиц | |
| 203 | |a Текст |c электронный | ||
| 225 | 1 | |a Современные тенденции развития бухгалтерского, управленческого и финансового учета в России | |
| 300 | |a Заглавие с титульного экрана | ||
| 320 | |a [Библиогр.: с. 29 (4 назв.)] | ||
| 330 | |a Рассмотрены стадии развития нефинансовой отчетности, определены стандарты отчетности. Выделены обстоятельства, стимулирующие развитие нефинансовой отчетности в России. Определена роль институтов независимой оценки для нефинансовой отчетности. Раскрыты особенности отчетности в России. | ||
| 337 | |a Adobe Reader | ||
| 461 | 1 | |0 (RuTPU)RU\TPU\conf\7533 |t Экономика России в XXI веке |o сборник научных трудов XI Международной научно-практической конференции "Экономические науки и прикладные исследования: фундаментальные проблемы модернизации экономики России", посвященной 110-летию экономического образования в Томском политехническом университете, г. Томск, 18-22 ноября 2014 г. |o в 2 т. |f Национальный исследовательский Томский политехнический университет (ТПУ) ; ред. кол. Г. А. Барышева [и др.] |d 2014 | |
| 463 | 0 | |0 (RuTPU)RU\TPU\conf\7539 |t Т. 2 |v [С. 26-29] |d 2014 | |
| 610 | 1 | |a труды учёных ТПУ | |
| 610 | 1 | |a электронный ресурс | |
| 610 | 1 | |a развитие | |
| 610 | 1 | |a нефинансовая отчетность | |
| 610 | 1 | |a Россия | |
| 610 | 1 | |a стандарты отчетности | |
| 610 | 1 | |a отчетность | |
| 700 | 1 | |a Богданова |b В. Е. | |
| 702 | 1 | |a Лившиц |b В. И. |c экономист |c доцент Томского политехнического университета, кандидат экономических наук |f 1954- |g Вера Исаковна |4 727 | |
| 712 | 0 | 2 | |a Национальный исследовательский Томский политехнический университет (ТПУ) |b Институт социально-гуманитарных технологий (ИСГТ) |b Кафедра экономики (ЭКОН) |3 (RuTPU)RU\TPU\col\18375 |
| 801 | 2 | |a RU |b 63413507 |c 20150119 |g RCR | |
| 856 | 4 | |u http://www.lib.tpu.ru/fulltext/c/2014/C40/V2/006.pdf | |
| 942 | |c BK | ||